Central Library OPAC University of Rajshahi

The sociology of small groups / (Record no. 33476)

MARC details
000 -LEADER
fixed length control field 00728nam a22002411 4500
001 - CONTROL NUMBER
control field 33476
003 - CONTROL NUMBER IDENTIFIER
rucl marc code BD-RjUL
005 - DATE AND TIME OF LATEST TRANSACTION
control field 20211209052020.0
008 - FIXED-LENGTH DATA ELEMENTS--GENERAL INFORMATION
fixed length control field 140508s1967 nju b 001 0 eng d
035 ## - SYSTEM CONTROL NUMBER
System control number (BD-RjUL)33567
040 ## - CATALOGING SOURCE
Original cataloging agency DLC
Transcribing agency DLC
Modifying agency DLC
-- BD-RjUL
Language of cataloging eng
041 ## - LANGUAGE CODE
Language code of text/sound track or separate title eng
082 00 - DEWEY DECIMAL CLASSIFICATION NUMBER
Classification number 302.34
Edition number 19
Author mark and year MIS 1967
100 1# - MAIN ENTRY--PERSONAL NAME
Personal name Mills, Theodore M.
9 (RLIN) 101595
245 14 - TITLE STATEMENT
Title The sociology of small groups /
Statement of responsibility, etc. Theodore M. Mills.
260 ## - PUBLICATION, DISTRIBUTION, ETC. (IMPRINT)
Place of publication, distribution, etc. Englewood Cliffs, N.J. :
Name of publisher, distributor, etc. Prentice-Hall,
Date of publication, distribution, etc. 1967.
300 ## - PHYSICAL DESCRIPTION
Pagination viii, 136 p. ;
Size 23 cm.
490 0# - SERIES STATEMENT
Series statement Foundations of modern sociology series
504 ## - BIBLIOGRAPHY, ETC. NOTE
Bibliography, etc Includes bibliographical references. and Index
650 #0 - SUBJECT ADDED ENTRY--TOPICAL TERM
Topical term or geographic name as entry element Small groups.
9 (RLIN) 101596
942 ## - ADDED ENTRY ELEMENTS (KOHA)
Source of classification or shelving scheme Dewey Decimal Classification
Koha item type Books
Holdings
Lost status Source of classification or shelving scheme Damaged status Not for loan Collection code Permanent Location Current Location Shelving location Date acquired Source of acquisition Cost, normal purchase price Total Checkouts Full call number Date last seen Copy number Koha item type
  Dewey Decimal Classification     Non-fiction Central Library, University of Rajshahi Central Library, University of Rajshahi   06/03/1969 Contination Publications 17.70   302.34 MIS 1967 08/05/2014 C-10 Books
  Dewey Decimal Classification     Non-fiction Central Library, University of Rajshahi Central Library, University of Rajshahi   06/03/1969 Contiomontre Publication 17.70   302.34 MIS 1967 08/05/2014 C-9 Books
  Dewey Decimal Classification     Non-fiction Central Library, University of Rajshahi Central Library, University of Rajshahi   06/03/1969 Continantal pub. 17.50   302.34 MIS 1967 09/08/2016 C-2 Books